000
00176nam a2200085Ia 4500
100
_a
#N/A
942
_c
BK
245
_a
Programming for mobile and remote computer
260
_b
#N/A
999
_c
25834
_d
25834